Силовая электроника: лабораторный практикум; учебное пособие

Λεπτομέρειες βιβλιογραφικής εγγραφής
Κύριος συγγραφέας: Петрович В. П. Виталий Петрович
Συγγραφή απο Οργανισμό/Αρχή: Национальный исследовательский Томский политехнический университет (ТПУ) Энергетический институт (ЭНИН)
Άλλοι συγγραφείς: Глазачев А. В. Александр Владимирович
Περίληψη:Заглавие с титульного экрана
Электронная версия печатной публикации
В лабораторном практикуме содержится краткое описание электромагнитных процессов в основных типах силовых преобразователей электрической энергии, применяемых в современных электромеханических системах, описан порядок проведения экспериментов при исследовании конкретных схем, приведены требования к оформлению отчетов по лабораторным работам. Предназначен для студентов, обучающихся по направлению 140400 "Электроэнергетика и электротехника"
Режим доступа: из корпоративной сети ТПУ
Γλώσσα:Ρωσικά
Έκδοση: Томск, Изд-во ТПУ, 2013
Θέματα:
Διαθέσιμο Online:http://www.lib.tpu.ru/fulltext2/m/2014/m158.pdf
Μορφή: Ηλεκτρονική πηγή Βιβλίο
KOHA link:https://koha.lib.tpu.ru/cgi-bin/koha/opac-detail.pl?biblionumber=263842

MARC

LEADER 00000nlm0a2200000 4500
001 263842
005 20231226112124.0
035 |a (RuTPU)RU\TPU\book\286832 
090 |a 263842 
100 |a 20140611d2013 m y0rusy50 ca 
101 0 |a rus 
102 |a RU 
105 |a a j 001zy 
135 |a drcn ---uucaa 
181 0 |a i  
182 0 |a b 
200 1 |a Силовая электроника  |e лабораторный практикум  |e учебное пособие  |f В. П. Петрович, А. В. Глазачев  |g Национальный исследовательский Томский политехнический университет (ТПУ) 
203 |a Текст  |c электронный 
210 |a Томск  |c Изд-во ТПУ  |d 2013 
300 |a Заглавие с титульного экрана 
300 |a Электронная версия печатной публикации 
330 |a В лабораторном практикуме содержится краткое описание электромагнитных процессов в основных типах силовых преобразователей электрической энергии, применяемых в современных электромеханических системах, описан порядок проведения экспериментов при исследовании конкретных схем, приведены требования к оформлению отчетов по лабораторным работам. Предназначен для студентов, обучающихся по направлению 140400 "Электроэнергетика и электротехника" 
333 |a Режим доступа: из корпоративной сети ТПУ 
337 |a Adobe Reader 
452 1 |0 (RuTPU)RU\TPU\book\283592  |t Силовая электроника  |o лабораторный практикум  |o учебное пособие  |f В. П. Петрович, А. В. Глазачев  |g Национальный исследовательский Томский политехнический университет (ТПУ)  |c Томск  |n Изд-во ТПУ  |d 2013  |p 120 с.  |a Петрович, Виталий Петрович 
606 1 |a Электроника силовая  |2 stltpush  |3 (RuTPU)RU\TPU\subj\20340  |9 45449 
610 1 |a электронный ресурс 
610 1 |a учебные пособия 
610 1 |a труды учёных ТПУ 
610 1 |a неуправляемые выпрямители 
610 1 |a управляемые выпрямители 
610 1 |a сглаживающие фильтры 
610 1 |a автономные инверторы 
610 1 |a зависимые инверторы 
610 1 |a исследование 
610 1 |a импульсные преобразователи 
610 1 |a тиристорные преобразователи 
610 1 |a тиристорные регуляторы 
610 1 |a лабораторные работы 
610 1 |a практикумы 
675 |a 621.314.632(076.5)  |v 3 
700 1 |a Петрович  |b В. П.  |c специалист в области электротехники  |c доцент Томского политехнического университета, кандидат технических наук  |f 1940-  |g Виталий Петрович  |3 (RuTPU)RU\TPU\pers\29373  |9 13955 
701 1 |a Глазачев  |b А. В.  |c специалист в области электроники  |c доцент Томского политехнического университета, кандидат технических наук  |f 1974-  |g Александр Владимирович  |3 (RuTPU)RU\TPU\pers\26444  |9 12147 
712 0 2 |a Национальный исследовательский Томский политехнический университет (ТПУ)  |b Энергетический институт (ЭНИН)  |3 (RuTPU)RU\TPU\col\16913 
801 1 |a RU  |b 63413507  |c 20140611 
801 2 |a RU  |b 63413507  |c 20160616  |g RCR 
856 4 |u http://www.lib.tpu.ru/fulltext2/m/2014/m158.pdf 
942 |c CF